01183nab a22002417a 4500003000400000005001700004008004100021040000700062100002700069245018900096260007200285300001300357500003900370505016100409505008900570650002000659650003300679650002800712650002400740650001600764650002400780773013700804OSt20260110015059.0190605e xxu||||| |||| 00| 0 spa d cPJ aCalligaro, Cynthia P. 10aNueva tendencia global :b¿cómo funciona la visa para los nómades digitales implementada por Argentina? / cCynthia P. Calligaro, Walter Mañko, Juan Antonio Fernández Legrand. aCiudad Autónoma de Buenos Aires :bThomson Reuters La Ley,c2023. ap. 36-40 aCita: TR LALEY AR/DOC/2530/2023.  aSumario: I. Introducción.— II. Aspectos migratorios.— III. Aspectos fiscales.— IV. Aspectos laborales y de la seguridad social.— V. Conclusiones.  t¿Te interesa el texto completo? Solicitalo al correo: koha@justierradelfuego.gov.ar 0aDERECHO LABORAL 0aTECNOLOGIA DE LA INFORMACION 0aINTELIGENCIA ARTIFICIAL 0aDERECHO INFORMATICO 0aTELETRABAJO 0aCONTRATO DE TRABAJO0 02711dCiudad Autónoma de Buenos Aires : Thomson Reuters La Ley, 1999-2002.tRevista de derecho del trabajo. Nº 6 - Noviembre 2023